[Event "LSS BI-2009-P-00003"]
[Site "LSS email"]
[Date "2009.04.19"]
[Round "?"]
[White "Figura, Atila Gajo"]
[Black "Baptista, Rui"]
[Result "1-0"]
[WhiteElo "2206"]
[BlackElo "1265"]
[PlyCount "33"]
[EventDate "2009.04.20"]
[EventType "tourn (corr)"]
[EventRounds "10"]
[EventCountry "GER"]
[SourceTitle "Corr 2011"]
[Source "ChessBase"]
[SourceDate "2010.08.31"]
[SourceVersion "1"]
[SourceVersionDate "2010.08.31"]
[SourceQuality "1"]

1. d4 d5 2. c4 dxc4 3. e4 e5 4. Nf3 exd4 5. Bxc4 Nc6 6. 0-0 Be6 7. Bb5 Bc5 8. b4 Bb6 9. a4 a6 10. Bxc6+ bxc6 11. a5 Ba7 12. Bb2 Qd6 13. Na3 Qxb4 14. Qc1 0-0-0 15. Nc2 Qc4 16. Ncxd4 Bxd4 17. Nxd4 1-0

[Event "LSS BI-2009-P-00003"]
[Site "LSS email"]
[Date "2009.04.19"]
[Round "?"]
[White "Mamonov, Petr"]
[Black "Baptista, Rui"]
[Result "1-0"]
[WhiteElo "1740"]
[BlackElo "1265"]
[PlyCount "55"]
[EventDate "2009.04.20"]
[EventType "tourn (corr)"]
[EventRounds "10"]
[EventCountry "GER"]
[SourceTitle "Corr 2011"]
[Source "ChessBase"]
[SourceDate "2010.08.31"]
[SourceVersion "1"]
[SourceVersionDate "2010.08.31"]
[SourceQuality "1"]

1. e4 e5 2. Nf3 Nc6 3. Bb5 Bc5 4. c3 Bb6 5. d4 a6 6. Bxc6 dxc6 7. Nxe5 Be6 8. 0-0 Ne7 9. f4 f5 10. Qh5+ g6 11. Qe2 0-0 12. Nd2 Re8 13. g4 Kh8 14. Ndf3 h6 15. gxf5 gxf5 16. Ng5 Rg8 17. Kh1 hxg5 18. Qh5+ Kg7 19. Qxg5+ Kf8 20. Qf6+ Ke8 21. Qxe6 Rf8 22. Qh6 Qc8 23. b3 c5 24. Ba3 fxe4 25. dxc5 Qf5 26. cxb6 c5 27. Bxc5 Rf6 28. Qg7 1-0

[Event "LSS RN-2009-0-00202"]
[Site "LSS email"]
[Date "2009.04.01"]
[Round "?"]
[White "Vontina, Maria"]
[Black "Baptista, Rui"]
[Result "0-1"]
[WhiteElo "649"]
[BlackElo "1229"]
[PlyCount "66"]
[EventDate "2009.03.17"]
[EventType "tourn (corr)"]
[EventRounds "6"]
[EventCountry "GER"]
[SourceTitle "Corr 2011"]
[Source "ChessBase"]
[SourceDate "2010.08.31"]
[SourceVersion "1"]
[SourceVersionDate "2010.08.31"]
[SourceQuality "1"]

1. d4 Nf6 2. c4 g6 3. Nc3 d5 4. cxd5 Nxd5 5. e4 Nxc3 6. bxc3 Bg7 7. Be3 c5 8. Bc4 0-0 9. Ne2 Nc6 10. 0-0 Na5 11. Bb5 f5 12. f3 a6 13. Ba4 b5 14. Bc2 Nc4 15. Bf2 Qc7 16. Bb3 fxe4 17. fxe4 Bg4 18. Qd3 cxd4 19. cxd4 Rad8 20. Rac1 Bxe2 21. Qxe2 Bxd4 22. Bxd4 Rxf1+ 23. Qxf1 Rxd4 24. Qf2 Rxe4 25. Qf3 Rf4 26. Qd5+ Kg7 27. Re1 Rf5 28. Qd4+ e5 29. Qd5 Qb6+ 30. Kh1 Qf2 31. Rg1 Nd2 32. Qd6 Qxg1+ 33. Kxg1 Rf1# 0-1

[Event "FICGS class C 000081 email"]
[Site "FICGS email"]
[Date "2008.05.16"]
[Round "1"]
[White "Henrion, Yann"]
[Black "Baptista, Rui"]
[Result "0-1"]
[WhiteElo "1700"]
[BlackElo "1700"]
[PlyCount "34"]
[EventDate "2008.??.??"]
[EventType "tourn (corr)"]
[EventRounds "4"]
[SourceTitle "Corr 2022"]
[Source "ChessBase"]
[SourceDate "2021.10.24"]
[SourceVersion "1"]
[SourceVersionDate "2021.10.24"]
[SourceQuality "1"]

1. e4 d5 2. exd5 Nf6 3. c4 c6 4. dxc6 Nxc6 5. d4 Qxd4 6. Qxd4 Nxd4 7. Bd3 e5 8. Be3 Bb4+ 9. Nd2 Nf5 10. Bg5 Be6 11. Bxf6 gxf6 12. a3 Bf8 13. Ne2 0-0-0 14. Bxf5 Bxf5 15. 0-0-0 Rd3 16. Nc3 Rxc3+ 17. bxc3 Bxa3# 0-1

[Event "FICGS class C 000081 email"]
[Site "FICGS email"]
[Date "2008.05.16"]
[Round "1"]
[White "Kepinski, Janusz"]
[Black "Baptista, Rui"]
[Result "1/2-1/2"]
[WhiteElo "1607"]
[BlackElo "1700"]
[PlyCount "57"]
[EventDate "2008.??.??"]
[EventType "tourn (corr)"]
[EventRounds "4"]
[SourceTitle "Corr 2022"]
[Source "ChessBase"]
[SourceDate "2021.10.24"]
[SourceVersion "1"]
[SourceVersionDate "2021.10.24"]
[SourceQuality "1"]

1. d4 Nf6 2. c4 d5 3. Nc3 e6 4. Bg5 Bb4 5. Nf3 0-0 6. e3 c5 7. cxd5 exd5 8. dxc5 Nbd7 9. Rc1 Qa5 10. Nd2 h6 11. Bxf6 Nxf6 12. a3 Bxc3 13. Rxc3 Re8 14. Be2 Bd7 15. b4 Qc7 16. 0-0 a5 17. b5 a4 18. Qc2 d4 19. b6 Qc8 20. Rc4 Bb5 21. c6 dxe3 22. fxe3 bxc6 23. Rxf6 gxf6 24. Rg4+ Kh8 25. Rh4 Kg7 26. Rg4+ Kh8 27. Rh4 Kg7 28. Rg4+ Kh8 29. Rh4 1/2-1/2

[Event "LSS OP-2008-0-00537"]
[Site "LSS email"]
[Date "2008.05.16"]
[Round "?"]
[White "Weiss, Frederic J Marie"]
[Black "Baptista, Rui"]
[Result "1-0"]
[WhiteElo "1235"]
[BlackElo "800"]
[PlyCount "37"]
[EventDate "2008.05.12"]
[EventType "tourn (corr)"]
[EventRounds "4"]
[EventCountry "GER"]
[SourceTitle "Corr 2011"]
[Source "ChessBase"]
[SourceDate "2010.08.31"]
[SourceVersion "1"]
[SourceVersionDate "2010.08.31"]
[SourceQuality "1"]

1. e4 e5 2. Nf3 Nc6 3. Nc3 Nf6 4. d4 exd4 5. Nd5 Nxe4 6. Qe2 f5 7. Ng5 d3 8. cxd3 Nd4 9. Qh5+ g6 10. Qh4 c6 11. dxe4 cxd5 12. exd5 Bg7 13. Kd1 h6 14. Nf3 Nxf3 15. Qxd8+ Kxd8 16. gxf3 Ke7 17. Rg1 Kf7 18. Bc4 d6 19. Rb1 1-0

[Event "FICGS rapid B 000091 email"]
[Site "FICGS email"]
[Date "2008.05.15"]
[Round "1"]
[White "Alic, Muamer"]
[Black "Baptista, Rui"]
[Result "0-1"]
[WhiteElo "1800"]
[BlackElo "1700"]
[PlyCount "20"]
[EventDate "2008.??.??"]
[EventType "tourn (rapid)"]
[EventRounds "6"]
[SourceTitle "Corr 2022"]
[Source "ChessBase"]
[SourceDate "2021.10.24"]
[SourceVersion "1"]
[SourceVersionDate "2021.10.24"]
[SourceQuality "1"]

1. e4 e5 2. Nf3 Nc6 3. Bb5 Nf6 4. 0-0 a6 5. Ba4 Nxe4 6. d4 exd4 7. Re1 f5 8. Nxd4 b5 9. Bb3 Qh4 10. g3 Qf6 0-1